| 000 | 01430cam a2200277 i 4500 | ||
|---|---|---|---|
| 003 | SA-RiAUC | ||
| 005 | 20260113134612.0 | ||
| 008 | 260104s1928 su g 00000 ara c | ||
| 040 |
_aSA-RiAUC _bara _cSA-RiAUC _erda |
||
| 082 | 0 | 4 |
_a237.3 _qSA-RiAUC |
| 090 |
_aم ن 237.3 _bا ب ن ر |
||
| 100 | 1 |
_aابن رجب، عبد الرحمن بن أحمد بن رجب، _d736-795 هجري _eمؤلف. |
|
| 245 | 1 | 0 |
_aنور الاقتباس في مشكاة وصية النبي صلى الله عليه وسلم لابن عباس رضي الله عنه / _cتأليف عبد الرحمن بن أحمد بن رجب ؛ تصحيح وتعليق عبد الرحمن أبو حجر. |
| 246 | 3 | 0 | _aمشكاة وصية النبي صلى الله عليه وسلم لابن عباس رضي الله عنه |
| 250 | _aالطبعة الأولى. | ||
| 264 | 1 |
_aمكة المكرمة : _b[الناشر غير محدد]، _c1928 |
|
| 264 | 3 |
_a[مكان الطبع غير محدد] : _bمطبعة الترقي الماجدية. |
|
| 300 |
_a38 صفحة ؛ _c24 سم |
||
| 336 |
_aنص _btxt _2rdacontent _3كتاب |
||
| 337 |
_aبدون وسيط _bn _2rdamedia |
||
| 338 |
_aمجلد _bnc _2rdacarrier |
||
| 650 | 7 |
_aالحديث _xالجوامع (عدا ما ذكر في الكتب الستة) _2aucsh |
|
| 700 | 1 |
_aأبو حجر، عبد الرحمن _eمصحح. |
|
| 942 |
_2ddc _cRBOOK COPY _n0 |
||
| 949 |
_aSA-JeALM _d260104 _umohamedma123 _n1 |
||
| 999 |
_c14031 _d14031 |
||